Legislación sobre fianzas /

La Secretaría de Hacienda y Crédito Público edita en este volumen el texto de las leyes y decretos que han regido a las instituciones de fianzas desde 1895, año en que se expidió el primer decreto sobre la materia, hasta la fecha de publicación de este libro, así como las reformas correspondientes a...

Ausführliche Beschreibung

Gespeichert in:
Bibliographische Detailangaben
Körperschaft: México
Format: Buch
Sprache:Spanisch
Schlagworte:
Tags: Tag hinzufügen
Keine Tags, Fügen Sie das erste Tag hinzu!

MARC

LEADER 00000nam^a2200000^a^4500
001 000121442
005 20250521000000.0
009 20260310094427.216
037 |a Acervo ITESO - Biblioteca 
041 |a ESP 
082 |a 346. 720723  |b MEX 
110 |a México 
240 1 1 |a [Leyes, etc.] 
245 1 0 |a Legislación sobre fianzas /  |c México. 
264 |a México :  |b Secretaría de Hacienda y Crédito Público, Dirección General de Crédito,  |c 1958 
300 |a 275 p. 
336 |a texto  |b txt  |2 rdacontenido 
337 |a sin mediación  |b n  |2 rdamedio 
338 |a volumen  |b nc  |2 rdasoporte 
520 |a La Secretaría de Hacienda y Crédito Público edita en este volumen el texto de las leyes y decretos que han regido a las instituciones de fianzas desde 1895, año en que se expidió el primer decreto sobre la materia, hasta la fecha de publicación de este libro, así como las reformas correspondientes a dichos ordenamientos. También aparecen en esta publicación algunas disposiciones de carácter general sobre estas empresas. Igualmente se comprenden en este volumen aquellos artículos de la Ley General de Instituciones de Crédito y Establecimientos Bancarios, de 1926, que de manera expresa se refieren a las compañías de fianzas. 
649 |a XX 
650 |a Fianzas -  |z México -  |x Leyes y Reglamentos 
650 |a Compañías de Seguros -  |z México -  |x Leyes y Reglamentos 
650 |a Derecho Bancario -  |z México -  |x Leyes y Reglamentos 
650 |a Derecho Económico -  |z México -  |x Leyes y Reglamentos 
650 |a Derecho Mercantil -  |z México -  |x Leyes y Reglamentos 
650 |a Derecho Civil -  |z México -  |x Leyes y Reglamentos 
650 |a Derecho Privado -  |z México -  |x Leyes y Reglamentos 
650 |a Derecho Constitucional -  |z México 
650 |a Derecho Público 
910 |a Fondo Salvador Reynoso Reynoso 
920 |a Impresos - Libros 
930 |a Fondos Especiales 
905 |a 112 
901 |a 0800006163  |b IT2  |c ESP  |u 20250521 
902 |a https://opac.biblio.iteso.mx/vufind/Record/000121442